000 00350nam a2200133Ia 4500
008 100328s9999 xx 000 0 und d
082 _b50764
100 _aचिखले सुरेश
245 _aपिरॅमिड.
260 _bसमााी
630 _aपिरॅमिड.
730 _aपिरॅमिड.
942 _cBOOK
999 _c537843
_d537840